[Event "TUR-chT 2nd League"]
[Site "Konya"]
[Date "2019.07.22"]
[Round "1.2"]
[White "Kangal, Mehmet"]
[Black "Ozenir, Ekin Baris"]
[Result "0-1"]
[WhiteElo "1508"]
[BlackElo "2235"]
[PlyCount "55"]
[EventDate "2019.07.22"]
[EventType "team-swiss"]
[EventRounds "9"]
[EventCountry "TUR"]
[SourceTitle "CBM 191 Extra"]
[Source "ChessBase"]
[SourceDate "2019.09.30"]
[SourceVersion "1"]
[SourceVersionDate "2019.09.30"]
[SourceQuality "1"]
[WhiteTeam "Karaman Yunus Ortaokulu"]
[BlackTeam "Beyazkale Satranc Evi"]
[WhiteTeamCountry "TUR"]
[BlackTeamCountry "TUR"]

1. e4 Nc6 2. d4 d5 3. e5 Bf5 4. Bb5 e6 5. Be3 Nge7 6. Ne2 a6 7. Bd3 Bxd3 8. Qxd3 Nf5 9. c3 Nb8 10. Nd2 c5 11. b3 Nc6 12. a3 Rc8 13. f4 cxd4 14. Bxd4 Nfxd4 15. Nxd4 Nxd4 16. cxd4 Bxa3 17. 0-0 Be7 18. f5 exf5 19. Qxf5 0-0 20. Rae1 Qb6 21. Qf4 Qg6 22. Nf3 Rc2 23. g3 Qe6 24. Rf2 Rxf2 25. Kxf2 Rc8 26. Rc1 h6 27. Qd2 Rc6 28. Ng1 0-1

[Event "TUR-chT 2nd League"]
[Site "Konya"]
[Date "2018.07.20"]
[Round "7.7"]
[White "Gokcen, Fatih"]
[Black "Kangal, Mehmet"]
[Result "0-1"]
[WhiteElo "1766"]
[BlackElo "1471"]
[PlyCount "126"]
[EventDate "2018.07.16"]
[EventType "team-swiss"]
[EventRounds "9"]
[EventCountry "TUR"]
[SourceTitle "EXT 2019"]
[Source "ChessBase"]
[SourceDate "2018.10.10"]
[SourceVersion "1"]
[SourceVersionDate "2018.10.10"]
[SourceQuality "1"]
[WhiteTeam "Konya Erkin"]
[BlackTeam "Calli Spor"]
[WhiteTeamCountry "TUR"]
[BlackTeamCountry "TUR"]

1. Nf3 Nf6 2. c4 c5 3. g3 Nc6 4. Bg2 e6 5. b3 d5 6. e3 d4 7. d3 e5 8. 0-0 Bg4 9. Re1 Be7 10. Bb2 0-0 11. exd4 exd4 12. h3 Bd7 13. Nbd2 Re8 14. Ne4 Qc8 15. Nxf6+ Bxf6 16. Rxe8+ Qxe8 17. Ba3 b6 18. Qd2 a5 19. Re1 Qb8 20. Kh2 Qc7 21. Bc1 Re8 22. a4 Rxe1 23. Qxe1 Nb4 24. Qe2 Qc8 25. Bf4 Bf5 26. Ne1 h6 27. g4 Bg6 28. Bg3 Qd7 29. f4 Be7 30. f5 Bh7 31. Kg1 g6 32. fxg6 Bxg6 33. h4 Bd6 34. Bf2 Qe6 35. Kf1 Kg7 36. Qf3 Qf6 37. Ke2 Qe5+ 38. Kd2 Qf4+ 39. Qxf4 Bxf4+ 40. Ke2 Na2 41. Be4 Nc1+ 42. Kf3 Bc7 43. h5 Bxe4+ 44. Kxe4 Kf6 45. Kd5 Kg5 46. Kc6 Bf4 47. Nf3+ Kxg4 48. Nxd4 cxd4 49. Bxd4 Nxb3 50. Bxb6 Kxh5 51. d4 Kg4 52. d5 h5 53. d6 Bxd6 54. Kxd6 h4 55. c5 Nxc5 56. Bxc5 f5 57. Kd5 h3 58. Bg1 Kg3 59. Ke5 f4 60. Ke4 Kg2 61. Bb6 f3 62. Bxa5 f2 63. Bc7 f1Q 0-1

[Event "TUR-chT 2nd League"]
[Site "Konya"]
[Date "2018.07.17"]
[Round "2.9"]
[White "Azizoglu, Ayhan"]
[Black "Kangal, Mehmet"]
[Result "1-0"]
[WhiteElo "1880"]
[BlackElo "1471"]
[PlyCount "102"]
[EventDate "2018.07.16"]
[EventType "team-swiss"]
[EventRounds "9"]
[EventCountry "TUR"]
[SourceTitle "EXT 2019"]
[Source "ChessBase"]
[SourceDate "2018.10.10"]
[SourceVersion "1"]
[SourceVersionDate "2018.10.10"]
[SourceQuality "1"]
[WhiteTeam "Hayat Genclik"]
[BlackTeam "Calli Spor"]
[WhiteTeamCountry "TUR"]
[BlackTeamCountry "TUR"]

1. e4 c6 2. Nc3 d5 3. Nf3 dxe4 4. Nxe4 Nf6 5. Nxf6+ exf6 6. d4 Bg4 7. Be2 Bd6 8. 0-0 0-0 9. c4 Qc7 10. h3 Bh5 11. Bd2 Nd7 12. Bc3 Rfe8 13. Re1 Rad8 14. Nd2 Bxe2 15. Rxe2 Nf8 16. Qe1 Qd7 17. Ne4 Bb8 18. Nc5 Qc7 19. g3 Qc8 20. Kg2 Rxe2 21. Qxe2 Re8 22. Qg4 f5 23. Qf3 Ng6 24. Re1 Rxe1 25. Bxe1 b6 26. Nd3 f4 27. Bc3 Qc7 28. Nxf4 Nxf4+ 29. Qxf4 Qxf4 30. gxf4 Bxf4 31. Kf3 Bd6 32. Ke4 Kf8 33. d5 cxd5+ 34. Kxd5 Bc5 35. f3 f6 36. b4 Bf2 37. Kc6 Ke7 38. b5 Ke6 39. Kb7 Kd6 40. Bb4+ Ke5 41. Kxa7 Kd4 42. Kxb6 Kxc4+ 43. Ka5 f5 44. Bd6 Kd5 45. Bf4 h6 46. b6 Kc6 47. Bc7 Kb7 48. Kb5 g5 49. a4 h5 50. a5 g4 51. a6+ Kc8 1-0

[Event "TUR-chT 2nd League"]
[Site "Konya"]
[Date "2017.07.23"]
[Round "9.12"]
[White "Kangal, Mehmet"]
[Black "Gok, Ozan Berkay"]
[Result "1/2-1/2"]
[WhiteElo "1527"]
[BlackElo "1708"]
[PlyCount "101"]
[EventDate "2017.07.17"]
[EventType "team-swiss"]
[EventRounds "9"]
[EventCountry "TUR"]
[SourceTitle "EXT 2018"]
[Source "ChessBase"]
[SourceDate "2017.10.13"]
[SourceVersion "1"]
[SourceVersionDate "2017.10.13"]
[SourceQuality "1"]
[WhiteTeam "Burdur Serenler"]
[BlackTeam "Adamlari Amator"]
[WhiteTeamCountry "TUR"]
[BlackTeamCountry "TUR"]

1. e4 d5 2. exd5 Nf6 3. Nc3 Nxd5 4. Bc4 e6 5. Qf3 c6 6. Nge2 Nd7 7. d4 N7f6 8. Bg5 Be7 9. 0-0 a6 10. a3 b5 11. Nxd5 cxd5 12. Bxf6 Bxf6 13. Bd3 0-0 14. c3 Bb7 15. Nf4 g6 16. Rfe1 Bg7 17. Re2 Rb8 18. Qg4 Qd6 19. Rae1 Rbe8 20. h4 Bc8 21. Qf3 Bd7 22. g3 a5 23. h5 b4 24. axb4 axb4 25. Qh1 bxc3 26. bxc3 gxh5 27. Nxh5 h6 28. Nf6+ Kh8 29. Nxe8 Rxe8 30. Qh5 Re7 31. Ra1 Qc6 32. Rc2 Kg8 33. Qh4 Re8 34. Qf4 Ra8 35. Rxa8+ Qxa8 36. Qc1 Qa7 37. Qb1 Bc6 38. Ra2 Qc7 39. Rb2 f5 40. Rb8+ Kf7 41. Qb4 f4 42. Qb6 Qd6 43. gxf4 Qxf4 44. Qxc6 Qxb8 45. Qd7+ Kf6 46. Bb5 Qa8 47. Ba4 Qa5 48. Qc6 h5 49. Kg2 Qd8 50. Qe8 Qxe8 51. Bxe8 1/2-1/2

[Event "TUR-chT 2nd League"]
[Site "Konya"]
[Date "2017.07.20"]
[Round "6.13"]
[White "Kangal, Mehmet"]
[Black "Birol, Emir Efe"]
[Result "1/2-1/2"]
[WhiteElo "1527"]
[BlackElo "1462"]
[PlyCount "60"]
[EventDate "2017.07.17"]
[EventType "team-swiss"]
[EventRounds "9"]
[EventCountry "TUR"]
[SourceTitle "CBM 179 Extra"]
[Source "ChessBase"]
[SourceDate "2017.08.23"]
[SourceVersion "1"]
[SourceVersionDate "2017.08.23"]
[SourceQuality "1"]
[WhiteTeam "Burdur Serenler"]
[BlackTeam "Antalya Calli"]
[WhiteTeamCountry "TUR"]
[BlackTeamCountry "TUR"]

1. e4 c6 2. d4 d5 3. Nc3 dxe4 4. Nxe4 Nf6 5. Nxf6+ exf6 6. Bc4 Bd6 7. Qe2+ Be7 8. Be3 0-0 9. 0-0-0 b5 10. Bxb5 cxb5 11. Qf3 Qb6 12. Qxa8 Bb7 13. d5 Qxe3+ 14. fxe3 Bxa8 15. Nf3 Rd8 16. e4 Bd6 17. Rhe1 Nd7 18. Kb1 Be5 19. Nxe5 fxe5 20. Rc1 Rc8 21. Re3 a6 22. b3 Rc5 23. c4 b4 24. Kb2 Kf8 25. Ra1 Nb6 26. a3 bxa3+ 27. Rxa3 Bb7 28. Kc3 Ke7 29. Ra1 Bc8 30. Rae1 a5 1/2-1/2

[Event "TUR-chT 2nd League"]
[Site "Konya"]
[Date "2017.07.17"]
[Round "1.12"]
[White "Ozcelik, Ozan"]
[Black "Kangal, Mehmet"]
[Result "1-0"]
[WhiteElo "1659"]
[BlackElo "1527"]
[PlyCount "64"]
[EventDate "2017.07.17"]
[EventType "team-swiss"]
[EventRounds "9"]
[EventCountry "TUR"]
[SourceTitle "CBM 179 Extra"]
[Source "ChessBase"]
[SourceDate "2017.08.23"]
[SourceVersion "1"]
[SourceVersionDate "2017.08.23"]
[SourceQuality "1"]
[WhiteTeam "Samsun Gercek"]
[BlackTeam "Burdur Serenler"]
[WhiteTeamCountry "TUR"]
[BlackTeamCountry "TUR"]

1. e4 c5 2. Nf3 a6 3. c4 Nc6 4. d4 cxd4 5. Nxd4 Nf6 6. Nc3 e5 7. Nc2 h6 8. Bd3 Bc5 9. 0-0 0-0 10. Rb1 Nb4 11. a3 Nxc2 12. Bxc2 b6 13. b4 Be7 14. Nd5 Bb7 15. Be3 Nxd5 16. exd5 f5 17. f4 e4 18. Qd4 b5 19. c5 Bf6 20. Qd2 a5 21. Bb3 Kh7 22. Rfd1 Re8 23. Qe2 Ba6 24. Rbc1 axb4 25. axb4 Qb8 26. d6 Bb7 27. Qxb5 Bc6 28. Qc4 Bb5 29. Qd5 Bc6 30. Qxf5+ Kh8 31. Bd5 Bxd5 32. Qxd5 Qxb4 1-0

[Event "TUR Cup"]
[Site "Antalya"]
[Date "2017.01.29"]
[Round "3"]
[White "Bek, Emir"]
[Black "Kangal, Mehmet"]
[Result "1-0"]
[WhiteElo "1802"]
[BlackElo "1524"]
[PlyCount "75"]
[EventDate "2017.01.28"]
[EventType "swiss"]
[EventRounds "11"]
[EventCountry "TUR"]
[SourceTitle "CBM 176 Extra"]
[Source "ChessBase"]
[SourceDate "2017.03.02"]
[SourceVersion "1"]
[SourceVersionDate "2017.03.02"]
[SourceQuality "1"]

1. d4 Nf6 2. Nf3 e6 3. c4 Nc6 4. d5 Bb4+ 5. Bd2 Bxd2+ 6. Qxd2 exd5 7. cxd5 Ne7 8. Nc3 d6 9. e4 Ng6 10. Nd4 a6 11. Be2 Bd7 12. Rd1 Qc8 13. 0-0 0-0 14. a4 Qe8 15. Qc2 Nf4 16. Rfe1 Qe5 17. Bf1 Ng4 18. g3 Ng6 19. f3 Nh6 20. Be2 Qg5 21. Qd2 Qxd2 22. Rxd2 Kh8 23. g4 Rfe8 24. Kf2 Ng8 25. Rc1 Rec8 26. b3 Nf6 27. Nd1 Ne8 28. Ne3 Ne7 29. h4 g6 30. f4 Rab8 31. g5 c6 32. Rg1 cxd5 33. exd5 Ng7 34. h5 Ngf5 35. Ndxf5 Nxf5 36. Ng4 Ng7 37. hxg6 fxg6 38. Nf6 1-0

[Event "Antalya op"]
[Site "Antalya"]
[Date "2011.01.09"]
[Round "4"]
[White "Kangal, Mehmet"]
[Black "Bursali, Ismail"]
[Result "0-1"]
[WhiteElo "1439"]
[BlackElo "1684"]
[PlyCount "88"]
[EventDate "2011.01.08"]
[EventType "swiss"]
[EventRounds "9"]
[EventCountry "TUR"]
[SourceTitle "EXT 2012"]
[Source "ChessBase"]
[SourceDate "2011.11.24"]
[SourceVersion "1"]
[SourceVersionDate "2011.11.24"]
[SourceQuality "1"]

1. d4 d5 2. Nf3 Nf6 3. c4 e6 4. Nc3 Nbd7 5. Bg5 c6 6. e4 dxe4 7. Nxe4 Qa5+ 8. Bd2 Qb6 9. Bd3 Be7 10. Bc3 0-0 11. 0-0 Nxe4 12. Bxe4 f5 13. c5 Qc7 14. Bc2 Nf6 15. Ne5 Rd8 16. Qf3 Rf8 17. Rfe1 Nd5 18. Bd2 Qd8 19. Qg3 Nf6 20. Bh6 Nh5 21. Qh3 gxh6 22. Qxh5 Qxd4 23. Nd3 Bxc5 24. Qxh6 Rf6 25. Qe3 Qxe3 26. fxe3 Bb6 27. Ne5 Rh6 28. Nc4 Bc5 29. Kh1 b5 30. Ne5 Bd6 31. Nf3 Bb7 32. h3 c5 33. Bd1 Kf7 34. Ng5+ Kf6 35. Nf3 Bg3 36. Rf1 Rd8 37. Rc1 c4 38. Nd4 Rxh3+ 39. Kg1 Rh2 40. Nf3 Bxf3 41. Bxf3 Rd2 42. Rb1 Rh4 43. Rfd1 Bf2+ 44. Kf1 Rh1# 0-1